| 000 | 00725nam a2200229 u 4500 | ||
|---|---|---|---|
| 005 | 20221117063506.0 | ||
| 008 | 171109s2006 ea r 000 0 spa d | ||
| 020 | _a0766417522 (10 dígitos) | ||
| 020 | _a9780766417526 (13 dígitos) | ||
| 035 | _aUPN01000221553 | ||
| 049 | _aI | ||
| 050 | 4 |
_aQA445.5 _bS2.2 |
|
| 100 | 1 |
_aSchmerler, Alison, _d1945- _940859 |
|
| 245 | 1 | 1 |
_a¡A buscar figuras! / _cAlison Schmerler. |
| 260 |
_aWaterbury, E.U.A. : _bAbrams & Company, _cc2006. |
||
| 300 |
_a14 p. : _bil. col. |
||
| 440 | 0 | _aBig book math | |
| 650 | 4 |
_aGEOMETRIA - _vLITERATURA INFANTIL _924821 |
|
| 650 | 2 |
_aFiguras _vLiteratura infantil _923592 |
|
| 650 | 7 |
_aLibros ilustrados para niños _2 _921365 |
|
| 905 | _aInfantil | ||
| 999 |
_c193650 _d193650 |
||